000 00465nam a2200169 a 4500
005 20140412111427.0
008 090709s19uu xx 00 eng d
020 _a0-439-13501-x
050 _aTR(PS E
_bHu86 2001
100 _aArnold, Tedd
245 _aHuggly's big mess /
_cTedd Arnold.
260 _aNew York :
_bScholastic,
_c2001.
300 _a1v. unp.
440 _aThe Monster under the bed storybook
650 _aClean up - fiction
999 _c106254
_d106254